<?xml version="1.0" encoding="UTF-8"?>
<marc:record xmlns:marc="http://www.loc.gov/MARC21/slim">
   <marc:leader>00000nam a2200000 a 4500</marc:leader>
   <marc:datafield ind1="1" ind2=" " tag="100">
      <marc:subfield code="a">Deml, Max</marc:subfield>
      <marc:subfield code="4">aut</marc:subfield>
      <marc:subfield code="e">Verfasser/-in</marc:subfield>
   </marc:datafield>
   <marc:datafield ind1="1" ind2=" " tag="100">
      <marc:subfield code="a">Beck, Ulrich</marc:subfield>
   </marc:datafield>
   <marc:datafield ind1=" " ind2=" " tag="653">
      <marc:subfield code="a">Ökologie</marc:subfield>
   </marc:datafield>
   <marc:datafield ind1=" " ind2=" " tag="653">
      <marc:subfield code="a">Ökobank</marc:subfield>
   </marc:datafield>
   <marc:datafield ind1=" " ind2=" " tag="653">
      <marc:subfield code="a">Geldanlage</marc:subfield>
   </marc:datafield>
   <marc:datafield ind1=" " ind2=" " tag="653">
      <marc:subfield code="a">Geld</marc:subfield>
   </marc:datafield>
   <marc:datafield ind1=" " ind2=" " tag="653">
      <marc:subfield code="a">Natur</marc:subfield>
   </marc:datafield>
   <marc:datafield ind1=" " ind2=" " tag="653">
      <marc:subfield code="a">^GLS Gemeinschaftsbank</marc:subfield>
   </marc:datafield>
   <marc:datafield ind1=" " ind2=" " tag="653">
      <marc:subfield code="a">UmweltBank</marc:subfield>
   </marc:datafield>
   <marc:datafield ind1="0" ind2="0" tag="245">
      <marc:subfield code="a">Grünes Geld</marc:subfield>
   </marc:datafield>
   <marc:datafield ind1="0" ind2="0" tag="245">
      <marc:subfield code="b">Jahrbuch für ethisch-ökologische Geldanlagen 1998/99</marc:subfield>
   </marc:datafield>
   <marc:datafield ind1=" " ind2="1" tag="264">
      <marc:subfield code="a">Ritterhude (u.a.)</marc:subfield>
      <marc:subfield code="b">Waldthausen-Verl. (u.a.)</marc:subfield>
      <marc:subfield code="c">1998</marc:subfield>
   </marc:datafield>
   <marc:datafield ind1="1" ind2=" " tag="520">
      <marc:subfield code="a">Zu fast jedem Geldanlageprodukt gibt es mittlerweile eine "grüne" Variante, z. B. Ökosparbücher, Umweltaktien, Umweltanleihen. Seit 1995 sind sogenannte "Öko-Venture"-Beteiligungsgesellschaften stark im Kommen, 1996 wurde die erste rein ökologisch orientierte Lebensversicherungsgesellschaft gegründet. Menschen, die sichergehen wollen, daß mit ihrem Ersparten nicht gerade Rüstungsgüter, Atomkraftwerke oder Umweltgifte produziert werden, die sinnvolle und auch rentable Öko-Investment-Projekte suchen, finden Möglichkeiten. Grünes Geld ist - nach den USA und Großbritannien - nun auch im deutschsprachigen Raum ein "Milliardenmarkt" geworden. Die solches behaupten, wissen wovon sie reden. Max Deml hat in den 80er Jahren eine kritische Aktionärsbewegung gegen Rüstungsproduktion und etwas später ein Forschungsinstitut für ethisch-ökologische Geldanlagen (FIFEGA) gegründet; seit 1991 gibt er den Börsenbrief ÖKO-INVEST heraus. Jörg Baumgarten ist evangelischer Pfarrer und seit über 20 Jahren in der Dritte-/Eine-Weltbewegung tätig, er ist Vorsitzender des Vereins SÜDWIND e. V. - Institut für Ökonomie und Ökumene, welches sich mit ethischer Geldanlage im Nord-Süd-Zusammenhang beschäftigt.  Im vorliegenden Jahrbuch informieren die Autoren über Ökobanken, aber auch über Alternativprojekte wie die in Bangladesch gegründete Grameen-Bank, die Kleinkredite an Besitzlose für Existenzgründungen vergibt, sowie über spezielle Frauenbanken und alternative Geldinstitute der Kirche in Deutschland. Weiters erfährt man/frau über Beteiligungsangebote an ökologischen Unternehmen, etwa Windkraftbetrieben, über Umwelt- und Ethik-Investmentfonds und erste Öko-Versicherungen. Zudem werden Stiftungen, einschlägige Forschungsinstitute und Rating-Agenturen (diese nehmen  ökologisch-ethische Bewertungen von Unternehmen vor) sowie alternative Baugenossenschaften vorgestellt.</marc:subfield>
   </marc:datafield>
   <marc:datafield ind1=" " ind2=" " tag="020">
      <marc:subfield code="a">3895260177</marc:subfield>
      <marc:subfield code="9">3895260177</marc:subfield>
   </marc:datafield>
   <marc:datafield ind1="0" ind2=" " tag="490">
      <marc:subfield code="v">0</marc:subfield>
   </marc:datafield>
   <marc:datafield ind1=" " ind2=" " tag="300">
      <marc:subfield code="a">309 S.</marc:subfield>
   </marc:datafield>
</marc:record>
